000 00494nam a22001697a 4500
003 NUST
005 20260417094148.0
008 260417b ||||| |||| 00| 0 eng d
020 _a978-969-8535-22-3
082 _a302.2
_bSHA
100 _aShahid Ahmad Hashmat.
_9134187
245 _aInternational Conflict Resolution Role of the UN and the OIC /
_cShahid Ahmad Hashmat.
260 _aPakistan:
_bNUST Press,
_c2014.
300 _a277 p ;
_c26.3 cm
563 _aHardcover
942 _2ddc
_cBK
999 _c617147
_d617147